| 000 | 00754 a2200181 4500 | ||
|---|---|---|---|
| 001 | 142470 | ||
| 040 | _cLeonardo Da Vinci | ||
| 041 | _aPortuguês | ||
| 082 | _av212 | ||
| 100 | _aEDUCACIONAL SHOP VIDEO | ||
| 245 | _aSeções cônicas | ||
| 250 | _av.1-2 | ||
| 260 |
_bESV _aSão Paulo |
||
| 490 | _aTV Ontario | ||
| 520 | _aTrata das propriedades das figuras conhecidas como seções cônicas. Desenvolve-se a equação do círculo, assim como o mapeamento das transformações que descrevem qualquer círculo no plano cartesiano. Introduz-se a diretriz e demonstra-se métodos práticos de se desenhar os cones | ||
| 697 |
_aDesenho Geométrico _aSeccionando o cone _aO círculo _aElípse _aParábola _aHipérbole _aReflexos Cônicos |
||
| 942 | _cVM | ||
| 999 |
_c142470 _d142470 |
||